[Event "American Continental"]
[Site "Buenos Aires ARG"]
[Date "2005.08.12"]
[Round "7"]
[White "Ronco,R"]
[Black "Blanco Fernandez,A"]
[Result "1-0"]
[WhiteElo "2144"]
[BlackElo "2367"]
[EventDate "2005.08.06"]

1. Nf3 Nc6 2. c4 e5 3. Nc3 Nf6 4. e3 d5 5. cxd5 Nxd5 6. a3 Be7 7. Bb5 f6 8.
d4 Nxc3 9. bxc3 e4 10. Nd2 Qd5 11. c4 Qg5 12. Qc2 f5 13. O-O O-O 14. Bb2
Rf6 15. f4 Qg4 16. d5 Rg6 17. Nxe4 fxe4 18. dxc6 bxc6 19. Ba4 Bf5 20. Bd4
Rd8 21. c5 Qh5 22. Bb3+ Kf8 23. Qa2 Rh6 24. g3 Bg4 25. Bd1 Rd5 26. Qc2 Bxd1
27. Raxd1 Qf5 28. Rc1 Rg6 29. Qb2 h5 30. Rf2 h4 31. Rg2 Qh5 32. gxh4 Bxh4
33. Rxg6 Qxg6+ 34. Qg2 Qh7 35. Rb1 Bf6 36. Qg4 Ke7 37. Rb7 Rd7 38. f5 Kf7
39. Qxe4 Re7 40. Qd3 Bxd4 41. Qc4+ Kf8 42. Rb8+ Re8 43. Rxe8+ Kxe8 44. Qe6+
Kd8 45. exd4 a6 46. a4 a5 47. Kg2 Qh8 48. Qxc6 Qh4 49. Qd5+ Kc8 50. c6 Qg4+
51. Kf2 Qf4+ 52. Ke2 Qxh2+ 53. Kd3 Qg3+ 54. Kc4 1-0

[Event "American Continental"]
[Site "Buenos Aires ARG"]
[Date "2005.08.12"]
[Round "7"]
[White "Guerrero,Alv"]
[Black "Utman,C"]
[Result "1/2-1/2"]
[WhiteElo "2092"]
[BlackElo "2341"]
[EventDate "2005.08.06"]

1. d4 Nf6 2. Nf3 g6 3. c4 Bg7 4. Nc3 O-O 5. e4 d6 6. Be2 e5 7. d5 a5 8. O-O
Na6 9. Rb1 Nc5 10. Nd2 Bd7 11. b3 Bh6 12. Qc2 Bf4 13. a3 b6 14. b4 axb4 15.
axb4 Nb7 16. Nb3 Bxc1 17. Rfxc1 Qe7 18. Ra1 Rfc8 19. Qd2 Kg7 20. Qe3 Qf8
21. g3 Rxa1 22. Rxa1 Ra8 23. Qc1 Qb8 24. Ra3 Bh3 25. Nd2 h6 26. Ncb1 Rxa3
27. Qxa3 Bd7 28. Nc3 Ng8 29. f4 f6 30. Nf1 Ne7 31. Qa1 Nd8 32. Ne3 Nf7 33.
Ncd1 Nc8 34. b5 Qa7 35. Qa6 Nd8 36. Nc3 Nb7 37. Nc2 Nc5 38. Qxa7 Nxa7 39.
Nb4 Kf7 40. Na6 Nxa6 41. bxa6 c6 42. dxc6 Bxc6 43. Kf2 f5 44. Nb5 Bxb5 45.
cxb5 fxe4 46. Bc4+ Kf6 47. Ke3 d5 48. Bxd5 Nxb5 49. Bc6 Na7 50. Be8 exf4+
51. Kxf4 g5+ 52. Kxe4 Ke6 53. Kd4 Kd6 54. Kc4 Ke5 55. Bg6 Kd6 56. Be4 Ke5
57. Bb7 Kd6 58. Kd4 Ke6 59. Ke4 b5 60. Kd4 Kd6 61. Be4 Nc8 62. Bf5 Na7 63.
Be4 Nc8 64. Bf3 Na7 65. Bb7 Nc6+ 66. Bxc6 Kxc6 67. a7 Kb7 68. Kc5 Kxa7 69.
Kxb5 Kb7 70. Kc5 Kc7 71. Kd5 Kd7 72. Ke5 Ke7 73. Kf5 Kf7 74. g4 Kg7 75. Ke6
Kg6 76. h3 h5 77. Ke5 Kg7 78. Kf5 Kh6 79. Kf6 hxg4 80. hxg4 Kh7 81. Ke5 Kg6
82. Ke6 Kg7 83. Kf5 Kh6 84. Kf6 Kh7 85. Kxg5 Kg7 86. Kf5 1/2-1/2

[Event "American Continental"]
[Site "Buenos Aires ARG"]
[Date "2005.08.12"]
[Round "7"]
[White "Farfan Ortiz,A"]
[Black "Tenti,J"]
[Result "0-1"]
[WhiteElo "2285"]
[BlackElo "2153"]
[EventDate "2005.08.06"]

1. d4 d5 2. c4 c6 3. Nf3 Nf6 4. Nc3 a6 5. c5 g6 6. h3 Bg7 7. Bf4 O-O 8. e3
Bf5 9. Be2 Ne4 10. Nxe4 Bxe4 11. O-O Nd7 12. Qd2 Bxf3 13. Bxf3 e5 14. Bg3
Re8 15. b4 exd4 16. exd4 a5 17. b5 Nf6 18. bxc6 bxc6 19. Qd3 Ne4 20. Bh2
Ng5 21. Rfd1 Ne6 22. Qc3 Qh4 23. Bg4 Nxd4 24. Qd2 h5 25. Bd7 Re2 26. Bg3
Qe7 27. Qf4 Qxd7 28. Rxd4 Bxd4 29. Qxd4 Rae8 30. f3 Qe6 31. Kh2 Qf5 32. Rf1
Qc2 33. Rg1 Qf5 34. Bf4 g5 35. Bd6 Qxf3 36. Qa4 g4 37. Kh1 Qe4 38. Qxc6
gxh3 39. Bg3 Rxg2 0-1

[Event "American Continental"]
[Site "Buenos Aires ARG"]
[Date "2005.08.12"]
[Round "7"]
[White "Blit,J"]
[Black "Fedrizzi,A"]
[Result "1/2-1/2"]
[WhiteElo "2278"]
[BlackElo "2119"]
[EventDate "2005.08.06"]

1. d4 Nf6 2. c4 e6 3. Nf3 d5 4. Bg5 Nbd7 5. Nc3 Bb4 6. a3 Bxc3+ 7. bxc3 c5
8. cxd5 exd5 9. g3 Qa5 10. Bd2 c4 11. Bg2 O-O 12. Qb1 Re8 13. Qb4 Qa6 14.
e3 Ne4 15. O-O Qh6 16. Bc1 a5 17. Qb2 Ndf6 18. Ne5 Rxe5 19. dxe5 Ng4 20. h3
Nxe5 21. Qb5 Qe6 22. Rd1 Nxc3 23. Rxd5 Nxd5 24. Bxd5 Qd7 25. Qxd7 Bxd7 26.
f4 Bc6 27. Bxc6 Nxc6 28. Rb1 Rd8 29. Kf2 Rd7 30. Ke2 Kf8 31. Rb5 1/2-1/2

[Event "American Continental"]
[Site "Buenos Aires ARG"]
[Date "2005.08.12"]
[Round "7"]
[White "Patriarca,L"]
[Black "Varela,D"]
[Result "1-0"]
[WhiteElo "2266"]
[BlackElo "2113"]
[EventDate "2005.08.06"]

1. c4 g6 2. g3 Bg7 3. Bg2 e5 4. Nc3 f5 5. d3 c6 6. e4 Nf6 7. Nge2 O-O 8.
O-O d6 9. b3 c5 10. exf5 gxf5 11. Nd5 Nxd5 12. Bxd5+ Kh8 13. Rb1 Nc6 14. a3
f4 15. f3 Ne7 16. Be4 Bh3 17. Rf2 Bf6 18. Kh1 d5 19. cxd5 Nxd5 20. Bd2 Bg5
21. Qc2 Rc8 22. Qb2 Qd6 23. gxf4 Nxf4 24. Nxf4 Bxf4 25. Bxf4 Rxf4 26. Bxb7
Rg8 27. Re1 Rd4 28. Be4 Qf6 29. Qc1 c4 30. bxc4 Qh4 31. Qe3 Rd7 32. Bd5 Rg5
33. f4 Rgg7 34. fxe5 Rd8 35. Qf4 Qe7 36. Qf3 Bg2+ 37. Rxg2 1-0

[Event "American Continental"]
[Site "Buenos Aires ARG"]
[Date "2005.08.12"]
[Round "7"]
[White "Rodi,L"]
[Black "Cuevas,A"]
[Result "1-0"]
[WhiteElo "2242"]
[BlackElo "2017"]
[EventDate "2005.08.06"]

1. d4 g6 2. e4 Bg7 3. c3 d6 4. Bc4 Nf6 5. Qe2 e5 6. dxe5 dxe5 7. Nf3 Qe7 8.
O-O O-O 9. b3 Nbd7 10. a4 b6 11. Bd3 Bb7 12. c4 h6 13. Nc3 Rad8 14. Ba3 c5
15. Nd5 Nxd5 16. cxd5 a5 17. Rad1 Qd6 18. Nd2 f5 19. Nc4 Qf6 20. f4 fxe4
21. Qxe4 exf4 22. Bb2 Qg5 23. h4 Qg4 24. Bxg7 Kxg7 25. Nd6 Nf6 26. Qe7+ Kg8
27. Nxb7 Rd7 28. Qe6+ Qxe6 29. dxe6 Rxb7 30. Bxg6 Kg7 31. Bf7 Ng4 32. Rde1
Re7 33. Rxf4 Nf6 34. Rd1 Rc7 35. Rd3 Nh7 36. Rg3+ Kh8 37. Rg6 h5 38. g4 1-0

[Event "American Continental"]
[Site "Buenos Aires ARG"]
[Date "2005.08.12"]
[Round "7"]
[White "Cerda,G"]
[Black "Lida Garcia,F"]
[Result "1/2-1/2"]
[WhiteElo "2237"]
[BlackElo "2066"]
[EventDate "2005.08.06"]

1. d4 e6 2. c4 Bb4+ 3. Bd2 c5 4. Bxb4 cxb4 5. Nf3 Nf6 6. a3 Na6 7. e3 b6 8.
Be2 Bb7 9. O-O O-O 10. Qb3 Qe7 11. Nbd2 Rfc8 12. Qa4 bxa3 13. bxa3 Nb8 14.
Rfb1 d6 15. Bd3 Rc7 16. Qb5 Nbd7 17. Qg5 h6 18. Qh4 Re8 19. a4 e5 20. Bf5
Bxf3 21. Nxf3 Rxc4 22. a5 exd4 1/2-1/2

[Event "American Continental"]
[Site "Buenos Aires ARG"]
[Date "2005.08.12"]
[Round "7"]
[White "Toniutti,E"]
[Black "Mesias,R"]
[Result "0-1"]
[WhiteElo "2051"]
[BlackElo "2220"]
[EventDate "2005.08.06"]

1. d4 Nf6 2. c4 g6 3. Nc3 Bg7 4. e4 d6 5. f4 c5 6. dxc5 Qa5 7. Bd3 Qxc5 8.
Qe2 O-O 9. Be3 Qa5 10. Nf3 Nc6 11. O-O Ng4 12. Bd2 Nd4 13. Nxd4 Bxd4+ 14.
Kh1 Qh5 15. h3 Qh4 16. Be1 Qh6 17. Nd5 Re8 18. f5 Ne3 19. Bd2 Nxf1 20. Rxf1
Qg7 21. Nc7 Bd7 22. Nxa8 Rxa8 23. b3 Bc6 24. b4 b6 25. Be1 Be5 26. Bh4 Re8
27. Rf3 e6 28. f6 Qh6 29. Be1 Qc1 30. Rf1 Qg5 31. h4 Qh6 32. Qf2 g5 33. Qf3
Kh8 34. h5 Rg8 35. Qh3 g4 36. Qh4 Rg5 37. Kg1 Rxh5 38. Qxg4 Bd4+ 0-1

[Event "American Continental"]
[Site "Buenos Aires ARG"]
[Date "2005.08.12"]
[Round "7"]
[White "Leeuw,P"]
[Black "Avalos,J"]
[Result "0-1"]
[WhiteElo "2088"]
[BlackElo "2323"]
[EventDate "2005.08.06"]

1. e4 e6 2. d4 d5 3. Nc3 Bb4 4. e5 c5 5. a3 Bxc3+ 6. bxc3 Ne7 7. Nf3 Bd7 8.
Be2 Ba4 9. c4 Nd7 10. dxc5 Nxc5 11. cxd5 Nxd5 12. Qd4 Qc7 13. O-O O-O 14.
Bd3 Nxd3 15. cxd3 Bb5 16. a4 Nc3 17. Qe3 Nxa4 18. Ba3 Rfd8 19. Nd4 Nc3 20.
Rfc1 Rxd4 21. Bb2 Rxd3 22. Rxc3 Qxc3 23. Bxc3 Rxe3 24. fxe3 a6 25. Ba5 Rc8
26. Rd1 h5 27. Kf2 Rc2+ 28. Kg3 Bc6 29. Rd2 Rxd2 30. Bxd2 Kh7 31. Ba5 Kg6
32. Kf4 Bxg2 33. h4 f6 34. Bb6 Kf7 35. Bd8 b5 36. Ba5 fxe5+ 37. Kxe5 g5 38.
hxg5 h4 39. Kf4 h3 40. e4 0-1

[Event "American Continental"]
[Site "Buenos Aires ARG"]
[Date "2005.08.12"]
[Round "7"]
[White "Critelli,J"]
[Black "Echeguren,G"]
[Result "1-0"]
[WhiteElo "2318"]
[BlackElo "2094"]
[EventDate "2005.08.06"]

1. e4 e5 2. Nf3 Nc6 3. Bb5 a6 4. Ba4 Nf6 5. O-O b5 6. Bb3 Be7 7. Re1 O-O 8.
c3 d6 9. d4 Bg4 10. Be3 exd4 11. cxd4 Na5 12. Bc2 Nc4 13. Bc1 c5 14. b3 Nb6
15. Bb2 Rc8 16. Nbd2 Re8 17. Rc1 cxd4 18. h3 Bh5 19. g4 Bg6 20. Nxd4 h5 21.
f4 hxg4 22. hxg4 d5 23. f5 Bh7 24. e5 Nfd7 25. e6 fxe6 26. Nxe6 Bc5+ 27.
Nxc5 Nxc5 28. Nf3 Ne4 29. Qd4 Qf6 30. Qxf6 gxf6 31. Bxe4 Rxe4 32. Rxc8+
Nxc8 33. Rxe4 dxe4 34. Nd2 Nd6 35. Kf2 Kf7 36. Ba3 Nxf5 37. gxf5 Bxf5 38.
Ke3 a5 39. Kf4 Be6 40. Nxe4 a4 41. Bb2 axb3 42. a3 Bc4 43. Nxf6 Ke6 44. Ke4
Kd6 45. Kd4 Kc6 46. Ne4 Kb6 47. Nd2 Bf7 48. Kc3 Bd5 49. Kb4 Bf7 50. Ne4 Bc4
51. Nc3 Bd3 52. Kxb3 Bf1 53. Kb4 Bd3 54. Bc1 Bf1 55. Be3+ Ka6 56. Ne4 Be2
57. Kc5 Kb7 58. Kd6 Bf1 59. Nc5+ Kb6 60. Nb3+ Kb7 61. Bg5 Be2 62. Nc5+ Kb8
63. Kc6 Bf1 64. Kb6 Be2 65. Na6+ Kc8 66. Kc6 Bf3+ 67. Kb6 Be2 68. Bf4 Bf1
69. Nb4 Be2 70. Nc6 Bf1 71. Na7+ Kd7 72. Nxb5 Bg2 73. a4 Kd8 74. a5 Kd7 75.
a6 Bh1 76. Nd6 Bg2 77. Nb7 Kc8 78. Na5 Bh1 79. Nc6 Kd7 80. Na5 Kc8 81. Ka7
Bg2 82. Kb6 Bf1 83. a7 Bg2 84. Nc6 1-0

[Event "American Continental"]
[Site "Buenos Aires ARG"]
[Date "2005.08.12"]
[Round "7"]
[White "Borda,A"]
[Black "Burijovich,L"]
[Result "1/2-1/2"]
[WhiteElo "2131"]
[BlackElo "2211"]
[EventDate "2005.08.06"]

1. e4 c5 2. c3 d5 3. exd5 Qxd5 4. d4 Nf6 5. Be3 Ng4 6. Nf3 Nxe3 7. fxe3 e6
8. Nbd2 cxd4 9. exd4 Be7 10. Bc4 Qh5 11. O-O O-O 12. Ne4 Nd7 13. Ng3 Qh6
14. Qe2 Nb6 15. Bb3 Bd6 16. Ne5 Bxe5 17. Qxe5 Bd7 18. Rf3 Bc6 19. Rf2 Nd7
20. Qe2 Nf6 21. Raf1 Bd5 22. Bxd5 Nxd5 23. Rf3 Rae8 24. Ne4 e5 25. Nc5 e4
26. Rh3 Nf4 27. Rxf4 Qxf4 28. Nd7 Qc1+ 29. Qf1 Qxf1+ 30. Kxf1 f5 31. Nxf8
Rxf8 32. c4 Rc8 33. b3 g6 34. Ke2 h5 35. Rc3 Kf7 36. h4 Kf6 37. Ke3 g5 38.
hxg5+ Kxg5 1/2-1/2

[Event "American Continental"]
[Site "Buenos Aires ARG"]
[Date "2005.08.12"]
[Round "7"]
[White "Bermudes,E"]
[Black "Barros,R"]
[Result "1/2-1/2"]
[WhiteElo "2190"]
[BlackElo "2080"]
[EventDate "2005.08.06"]

1. d4 f5 2. c4 Nf6 3. Nc3 e6 4. g3 Be7 5. Bg2 O-O 6. Nf3 d5 7. O-O c6 8. b3
Nbd7 9. Bg5 h6 10. Bd2 Ne4 11. Rc1 Bf6 12. Bf4 g5 13. Be5 Nxe5 14. Nxe5 Qd6
15. f4 Bxe5 16. fxe5 Qe7 17. Nxe4 fxe4 18. Qd2 Bd7 19. e3 Rxf1+ 20. Rxf1
Rf8 21. Rxf8+ Qxf8 22. Qf2 Qe7 23. Bf1 Be8 24. cxd5 cxd5 1/2-1/2

[Event "American Continental"]
[Site "Buenos Aires ARG"]
[Date "2005.08.12"]
[Round "7"]
[White "Idiarte Borda,J"]
[Black "Lo Presti,R"]
[Result "0-1"]
[WhiteElo "2157"]
[BlackElo "2068"]
[EventDate "2005.08.06"]

1. f4 c5 2. Nf3 Nf6 3. b3 e6 4. Bb2 Be7 5. e3 b6 6. Be2 Bb7 7. O-O d6 8. c4
d5 9. cxd5 Bxd5 10. Bb5+ Bc6 11. Qe2 Bxb5 12. Qxb5+ Qd7 13. Nc3 O-O 14. Ne5
Qxd2 15. Qe2 Qxe2 16. Nxe2 Nfd7 17. Rad1 Nxe5 18. Bxe5 Nc6 19. Bb2 Rfd8 20.
Nc3 Bf6 21. e4 Bd4+ 22. Kh1 f6 23. g3 Kf7 24. Kg2 Nb4 25. Rd2 Bxc3 26. Bxc3
Rxd2+ 27. Bxd2 a5 28. a4 Rd8 29. Bxb4 cxb4 30. Rf3 Rd2+ 31. Rf2 Rd4 32. Re2
Rd3 33. Rb2 Ke7 34. Kf2 Kd6 35. Ke2 Rc3 36. Kd2 Kc5 37. Rc2 Rxc2+ 38. Kxc2
Kd4 39. Kd2 Kxe4 40. Ke2 e5 0-1

[Event "American Continental"]
[Site "Buenos Aires ARG"]
[Date "2005.08.12"]
[Round "7"]
[White "Bustamante,O"]
[Black "Evans,P"]
[Result "0-1"]
[WhiteElo "2141"]
[BlackElo "2058"]
[EventDate "2005.08.06"]

1. e4 b6 2. d4 Bb7 3. Nc3 e6 4. Bd3 Bb4 5. Nge2 Nf6 6. O-O d6 7. Ng3 Bxc3
8. bxc3 h5 9. Bg5 Qd7 10. Bxf6 gxf6 11. Nxh5 Qe7 12. g3 Nc6 13. d5 Ne5 14.
Be2 O-O-O 15. f4 Nd7 16. Rf2 Rh6 17. c4 Nc5 18. Bf3 Rdh8 19. g4 f5 20. exf5
exf5 21. g5 Rxh5 22. Bxh5 Ne4 23. Rg2 Ba6 24. Bf3 Rh4 25. Bxe4 Qxe4 26. Qd3
Qxc4 27. Qxf5+ Kb7 28. Rf2 Qd4 29. c3 Qe3 30. Qd7 Rxf4 0-1

[Event "American Continental"]
[Site "Buenos Aires ARG"]
[Date "2005.08.12"]
[Round "7"]
[White "Malajovich,S"]
[Black "Bendana,G"]
[Result "1-0"]
[WhiteElo "2126"]
[BlackElo "2155"]
[EventDate "2005.08.06"]

1. d4 Nf6 2. c4 e5 3. dxe5 Ng4 4. Nf3 Bc5 5. e3 Nc6 6. Nc3 Ngxe5 7. Nxe5
Nxe5 8. Be2 O-O 9. a3 a5 10. b3 Re8 11. Bb2 Ra6 12. Ne4 Bf8 13. Qd5 Qe7 14.
c5 Rg6 15. O-O-O d6 16. cxd6 cxd6 17. Ng3 Be6 18. Qb5 Ng4 19. Bxg4 Bxg4 20.
Rd4 Rc8+ 21. Kb1 Rc5 22. Qd3 Bd7 23. e4 Qe8 24. f3 Be6 25. f4 Rh6 26. h3 f6
27. Nf5 Bxf5 28. exf5 Qd7 29. g4 Qc6 30. Rc1 g6 31. Rxc5 Qxc5 32. Rc4 Qg1+
33. Rc1 Qg2 34. Rc8 d5 35. Qb5 Qe4+ 36. Ka2 Rxh3 37. Qc5 1-0

[Event "American Continental"]
[Site "Buenos Aires ARG"]
[Date "2005.08.12"]
[Round "7"]
[White "Perez Wertheim,R"]
[Black "Alaluf,A"]
[Result "1-0"]
[WhiteElo "1999"]
[BlackElo "2091"]
[EventDate "2005.08.06"]

1. d4 c5 2. e3 Nf6 3. c3 e6 4. Bd3 b6 5. f4 Bb7 6. Nf3 g6 7. O-O Bg7 8. Bd2
O-O 9. Be1 d5 10. Bh4 Ba6 11. Ne5 Bxd3 12. Qxd3 c4 13. Qe2 Qc7 14. Nd2 Nbd7
15. e4 b5 16. Nxd7 Nxd7 17. e5 Nb6 18. g4 Rae8 19. Bf6 Bxf6 20. exf6 Nd7
21. g5 h5 22. Rae1 Kh7 23. Rf3 Rh8 24. Nf1 Rb8 25. f5 gxf5 26. h4 Nf8 27.
Re3 Ng6 28. Re5 Nxe5 29. dxe5 Kg6 30. Qd2 Qb6+ 31. Kg2 b4 32. Re2 Rhd8 33.
Ng3 d4 34. Nxh5 Qc6+ 35. Kh3 bxc3 36. bxc3 dxc3 37. Nf4+ Kh7 38. Qxc3 Rb1
39. Rg2 Rdd1 40. h5 Rh1+ 41. Kg3 Rbf1 42. g6+ fxg6 43. hxg6+ Kh6 44. f7 Qc5
45. Nxe6 Qe7 46. f8=Q+ 1-0

[Event "American Continental"]
[Site "Buenos Aires ARG"]
[Date "2005.08.12"]
[Round "7"]
[White "Negri,Sa"]
[Black "Benko,F"]
[Result "1-0"]
[WhiteElo "2104"]
[BlackElo "2090"]
[EventDate "2005.08.06"]

1. d4 d5 2. c4 c6 3. Nc3 Nf6 4. Nf3 a6 5. g3 e6 6. Bg2 Nbd7 7. O-O b5 8.
cxd5 cxd5 9. e4 Nb6 10. e5 Nfd7 11. Ng5 Nb8 12. f4 g6 13. f5 exf5 14. g4
Ra7 15. gxf5 Bxf5 16. Rxf5 gxf5 17. Qh5 h6 18. Nxf7 Rxf7 19. e6 Qf6 20.
exf7+ Kd8 21. Be3 Nc6 22. Bf2 Ne7 23. a4 bxa4 24. Nxa4 Nxa4 25. Rxa4 Ng6
26. Qf3 Qxf7 27. Rxa6 Ne7 28. Ra8+ Nc8 29. Qc3 Qb7 30. Qa5+ Kd7 31. Bxd5
Qb4 32. Qa6 1-0

[Event "American Continental"]
[Site "Buenos Aires ARG"]
[Date "2005.08.13"]
[Round "8"]
[White "Vescovi,G"]
[Black "Spraggett,K"]
[Result "1/2-1/2"]
[WhiteElo "2640"]
[BlackElo "2592"]
[EventDate "2005.08.06"]

1. d4 Nf6 2. Nf3 e6 3. c4 b6 4. g3 Ba6 5. b3 d5 6. Bg2 Bb4+ 7. Bd2 Be7 8.
cxd5 exd5 9. Nc3 O-O 10. O-O Bb7 11. Rc1 Na6 12. Bf4 Re8 13. Ne5 h6 14. Nd3
Bf8 15. Rc2 c6 16. Qa1 Nb4 17. Nxb4 Bxb4 18. a3 Bf8 19. Rd1 Qd7 20. Qb2 Qf5
1/2-1/2

[Event "American Continental"]
[Site "Buenos Aires ARG"]
[Date "2005.08.13"]
[Round "8"]
[White "Lima,Da"]
[Black "Hungaski,R"]
[Result "1/2-1/2"]
[WhiteElo "2535"]
[BlackElo "2308"]
[EventDate "2005.08.06"]

1. e4 e5 2. Nf3 Nc6 3. Bb5 a6 4. Ba4 Nf6 5. O-O Be7 6. Re1 b5 7. Bb3 d6 8.
c3 O-O 9. h3 Na5 10. Bc2 c5 11. d4 Nd7 12. Nbd2 exd4 13. cxd4 Nc6 14. d5
Nce5 15. a4 Rb8 16. axb5 axb5 17. Nh2 Ng6 18. g3 Nf6 19. h4 Ne5 20. Ndf3
Neg4 21. b3 Nxh2 22. Nxh2 Nd7 23. Bf4 Qb6 24. Nf3 Bf6 25. e5 Nxe5 26. Nxe5
dxe5 27. Bxe5 Bxe5 28. Qh5 g6 29. Qxe5 Bd7 30. h5 Rbe8 31. Qf4 Qb8 32. d6
Rxe1+ 33. Rxe1 Re8 34. Re5 Qa8 35. Re7 Qa1+ 36. Kh2 Rxe7 37. dxe7 Qd4 38.
Qb8+ Kg7 39. Qf8+ Kf6 40. Kg1 Qa1+ 41. Kh2 Qd4 42. Kg1 Qa1+ 1/2-1/2

[Event "American Continental"]
[Site "Buenos Aires ARG"]
[Date "2005.08.13"]
[Round "8"]
[White "Gulko,B"]
[Black "Zugic,I"]
[Result "1/2-1/2"]
[WhiteElo "2589"]
[BlackElo "2474"]
[EventDate "2005.08.06"]

1. Nf3 c5 2. c4 Nc6 3. d4 cxd4 4. Nxd4 g6 5. e4 Bg7 6. Be3 d6 7. Nc3 Nh6 8.
Be2 O-O 9. Qd2 Ng4 10. Bxg4 Bxg4 11. O-O Qa5 12. b3 Rfc8 13. h3 Nxd4 14.
Bxd4 Bd7 15. Rad1 Bxd4 16. Qxd4 Bc6 17. Rfe1 Rd8 18. Nd5 Rd7 19. Re2 Rc8
20. a4 Qc5 21. Qb2 Bxd5 22. Rxd5 Qb6 23. Red2 Rc5 24. e5 Rxd5 25. Rxd5 e6
26. c5 Qb4 27. Rxd6 Rc7 28. Qd4 Qxd4 29. Rxd4 Rxc5 30. Rd7 b5 31. Rxa7 bxa4
32. bxa4 Rxe5 33. Kf1 Rc5 34. Ke2 Rc2+ 35. Ke3 Ra2 36. h4 h5 37. g3 Kg7 38.
a5 1/2-1/2

[Event "American Continental"]
[Site "Buenos Aires ARG"]
[Date "2005.08.13"]
[Round "8"]
[White "Alonso,S"]
[Black "Kudrin,S"]
[Result "1-0"]
[WhiteElo "2457"]
[BlackElo "2559"]
[EventDate "2005.08.06"]

1. e4 c5 2. Nf3 d6 3. d4 cxd4 4. Nxd4 Nf6 5. Nc3 g6 6. Be3 Bg7 7. f3 Nc6 8.
Qd2 O-O 9. Bc4 Bd7 10. O-O-O Qc7 11. Bb3 Rfc8 12. Kb1 Ne5 13. Bg5 Qd8 14.
Rhe1 b5 15. f4 b4 16. Nd5 Nxd5 17. fxe5 dxe5 18. exd5 exd4 19. d6 Bf5 20.
Bxe7 Qd7 21. Qf4 a5 22. g4 Bxg4 23. Qxf7+ Kh8 24. Be6 Bxe6 25. Qxe6 Qxe6
26. Rxe6 Ra7 27. Bh4 Kg8 28. Re7 Raa8 29. d7 Rf8 30. Re6 Kf7 31. Rd6 Rfd8
32. Rf1+ Kg8 33. Bxd8 Rxd8 34. Re6 1-0

[Event "American Continental"]
[Site "Buenos Aires ARG"]
[Date "2005.08.13"]
[Round "8"]
[White "Pierrot,F"]
[Black "Sunye Neto,J"]
[Result "0-1"]
[WhiteElo "2449"]
[BlackElo "2530"]
[EventDate "2005.08.06"]

1. e4 c5 2. Nf3 d6 3. d4 cxd4 4. Nxd4 Nf6 5. Nc3 a6 6. Be2 e5 7. Nb3 Be7 8.
O-O O-O 9. Kh1 b5 10. a4 Bb7 11. f3 b4 12. Nd5 Nxd5 13. exd5 Nd7 14. c4
bxc3 15. bxc3 Rc8 16. c4 Nb6 17. Na5 Ba8 18. Bd2 Bg5 19. Be1 Be3 20. Ra2
Nd7 21. Nb3 Rb8 22. Ba5 Qc8 23. Qc2 Nc5 24. Nd2 f5 25. Bc3 Qd7 26. Re1 Qa7
27. Nf1 Bf2 28. Rb1 Rxb1 29. Qxb1 Nd7 30. Bd3 g6 31. Qc1 Bd4 32. Bd2 Nc5
33. Bc2 f4 34. Qe1 Bb7 35. Bb4 Bc8 36. Nd2 a5 37. Ba3 Bd7 38. Ne4 Nxe4 39.
Bxe4 Bc5 40. Bc1 Bb4 41. Qe2 Qd4 42. g3 Bc5 43. Qf1 fxg3 0-1

[Event "American Continental"]
[Site "Buenos Aires ARG"]
[Date "2005.08.13"]
[Round "8"]
[White "Quezada,Y"]
[Black "Liascovich,L"]
[Result "1-0"]
[WhiteElo "2522"]
[BlackElo "2432"]
[EventDate "2005.08.06"]

1. e4 c5 2. Nf3 d6 3. d4 cxd4 4. Nxd4 Nf6 5. Nc3 a6 6. Be3 e5 7. Nb3 Be6 8.
f3 Nbd7 9. g4 b5 10. g5 b4 11. Nd5 Nxd5 12. exd5 Bf5 13. Bd3 Bxd3 14. Qxd3
Be7 15. Rg1 O-O 16. O-O-O Qc7 17. Nd2 f5 18. gxf6 Nxf6 19. Nc4 Nd7 20. Rg3
Rf7 21. Rdg1 a5 22. Rh3 Nf8 23. Rg4 Rb8 24. Kb1 a4 25. Nd2 Qb7 26. Rhg3 g6
27. Rc4 Rf5 28. Rgg4 Rh5 29. Bg1 Bd8 30. Rc6 Rf5 31. Ne4 Be7 32. Rg3 b3 33.
cxb3 axb3 34. a3 Kh8 35. Bb6 Ne6 36. Qc3 Nf4 37. Rc7 Qa6 38. Rxe7 Qf1+ 39.
Qc1 Qd3+ 40. Ka1 Ne2 41. Rh3 Rh5 42. Rxh5 gxh5 43. Qb1 1-0

[Event "American Continental"]
[Site "Buenos Aires ARG"]
[Date "2005.08.13"]
[Round "8"]
[White "Gurevich,D"]
[Black "Mekhitarian,K"]
[Result "1-0"]
[WhiteElo "2515"]
[BlackElo "2218"]
[EventDate "2005.08.06"]

1. d4 Nf6 2. c4 e6 3. Nf3 b6 4. g3 Ba6 5. Qa4 Bb7 6. Bg2 c5 7. dxc5 Bxc5 8.
O-O O-O 9. Nc3 a6 10. Bf4 Be7 11. Rfd1 d6 12. Rd2 Qc7 13. Rad1 e5 14. Bg5
Nbd7 15. Nh4 Bxg2 16. Nxg2 b5 17. cxb5 Nb6 18. Qb3 Nc4 19. Rc2 Na5 20. b6
Qb7 21. Qa4 Qxb6 22. Bxf6 Bxf6 23. b4 Nb7 24. Nd5 Qb5 25. Qb3 Rac8 26. a4
Qe8 27. Nc7 Qd8 28. Nxa6 Qb6 29. b5 Na5 30. Qa2 e4 31. Nf4 Bd4 32. e3 Be5
33. Nd5 Qb7 34. Rdc1 Rxc2 35. Rxc2 Qd7 36. Rc1 h5 37. Qe2 g6 38. Kg2 h4 39.
gxh4 Kg7 40. h3 Rh8 41. Qg4 Qd8 42. Qg5 Qa8 43. Nf4 Qe8 44. Nc7 Qd7 45.
Nce6+ Kg8 46. Nxg6 fxe6 47. Rc8+ Qxc8 48. Nxe5+ 1-0

[Event "American Continental"]
[Site "Buenos Aires ARG"]
[Date "2005.08.13"]
[Round "8"]
[White "Zambrana,O"]
[Black "Flores,Di"]
[Result "0-1"]
[WhiteElo "2421"]
[BlackElo "2513"]
[EventDate "2005.08.06"]

1. e4 c5 2. Nf3 e6 3. d4 cxd4 4. Nxd4 a6 5. c4 Nf6 6. Nc3 Qc7 7. a3 d6 8.
Be3 Nbd7 9. Be2 g6 10. O-O Bg7 11. f3 O-O 12. Qd2 b6 13. Rfd1 Re8 14. Rac1
Bb7 15. Bf1 Bf8 16. b4 Rac8 17. Qf2 Be7 18. Na4 Rb8 19. Nb2 Ne5 20. Nb3
Nfd7 21. Nd3 Ba8 22. Nxe5 Nxe5 23. Bd4 Red8 24. Ba1 Rbc8 25. Bd4 Rb8 26.
Qb2 Nd7 27. Qd2 Bc6 28. Qe3 Ba4 29. Re1 e5 30. Bb2 Nf8 31. f4 Ne6 32. g3
Bf6 33. f5 Bg5 34. Qc3 Bxb3 35. fxe6 Bxc1 36. Bxc1 Ba4 37. Bg5 Re8 38. c5
fxe6 39. Bxa6 bxc5 40. Bc4 Qb6 41. bxc5 Qxc5+ 42. Be3 Qc6 43. Qd3 Bb5 44.
Bxb5 Rxb5 45. Rc1 Qd7 46. Bd2 Rb2 47. Bc3 Qa7+ 48. Kh1 Qxa3 0-1

[Event "American Continental"]
[Site "Buenos Aires ARG"]
[Date "2005.08.13"]
[Round "8"]
[White "Needleman,G"]
[Black "Sorin,A"]
[Result "1-0"]
[WhiteElo "2242"]
[BlackElo "2496"]
[EventDate "2005.08.06"]

1. e4 e5 2. Nf3 Nc6 3. Bc4 Bc5 4. d3 Nf6 5. Nc3 d6 6. Bg5 Na5 7. Qe2 c6 8.
a3 Nxc4 9. dxc4 Bb6 10. O-O-O Qe7 11. h3 Be6 12. g4 O-O-O 13. Nh4 Bd4 14.
Qf3 h6 15. Nf5 Bxf5 16. Bxf6 Qxf6 17. exf5 Bxc3 18. Qxc3 g6 19. fxg6 fxg6
20. Qe3 Kb8 21. Rhe1 Rde8 22. Qd2 Re6 23. f4 h5 24. fxe5 dxe5 25. g5 Qe7
26. Re4 h4 27. Rde1 Rf8 28. Rxh4 e4 29. Qe3 Re8 30. Rg4 Ka8 31. h4 a6 32.
Rf4 Qd6 33. Ref1 Qe5 34. Rf7 Qh2 35. R7f4 Kb8 36. b3 Ka8 37. Kb2 Kb8 38.
Rd1 R6e7 39. Rd6 Rh8 40. Rxg6 Rxh4 41. Rg8+ Kc7 42. Qd4 Rd7 43. Rf7 Qh3 44.
Rxd7+ Qxd7 45. Rg7 1-0

[Event "American Continental"]
[Site "Buenos Aires ARG"]
[Date "2005.08.13"]
[Round "8"]
[White "Leitao,R"]
[Black "Amura,C"]
[Result "1-0"]
[WhiteElo "2598"]
[BlackElo "2372"]
[EventDate "2005.08.06"]

1. e4 c5 2. Nf3 Nc6 3. Bb5 e6 4. Bxc6 bxc6 5. d3 Ne7 6. Qe2 Ng6 7. h4 Qc7
8. h5 Nf4 9. Qd2 e5 10. Qc3 Nxg2+ 11. Kf1 Nf4 12. Bxf4 exf4 13. h6 Rg8 14.
e5 Ba6 15. Nbd2 O-O-O 16. Rg1 c4 17. Nxc4 g6 18. Ng5 d5 19. exd6 Bxd6 20.
Nxd6+ Rxd6 21. Ne4 Rdd8 22. Nf6 Rh8 23. Re1 Kb8 24. Qe5 Qxe5 25. Rxe5 Rd6
26. Ne4 Rd5 27. Re7 Rh5 28. Rg5 Rxh6 29. Ra5 Bc8 30. Nd6 Rh1+ 31. Kg2 Rb1
32. b3 Rb2 33. Raxa7 Rd8 34. Nxc8 1-0

[Event "American Continental"]
[Site "Buenos Aires ARG"]
[Date "2005.08.13"]
[Round "8"]
[White "Lawson,E"]
[Black "Vasquez,R"]
[Result "1/2-1/2"]
[WhiteElo "2367"]
[BlackElo "2558"]
[EventDate "2005.08.06"]

1. e4 c5 2. Nf3 d6 3. d4 cxd4 4. Nxd4 Nf6 5. Nc3 a6 6. Be3 e6 7. g4 h6 8.
g5 hxg5 9. Bxg5 b5 10. a3 Bb7 11. Bg2 Nbd7 12. h4 Be7 13. Qe2 Rc8 14. Rh3
Nh5 15. f4 g6 16. Bxe7 Qxe7 17. Qf2 Nxf4 18. Qxf4 e5 19. Qf2 exd4 20. Qxd4
Rxh4 21. O-O-O Ne5 22. Rxh4 Qxh4 23. Qxd6 Qe7 24. Qd4 Qc5 25. Qd2 b4 26.
axb4 Qxb4 27. Rh1 Qf8 28. Qd4 Qc5 29. Rh8+ Ke7 30. Qxc5+ Rxc5 31. Rb8 Rc7
32. Bf1 Nd7 33. Rh8 Rc5 34. Kd2 Rc8 35. Nd5+ Kd6 36. Rxc8 Bxc8 37. Bh3 Bb7
38. Bxd7 Kxd7 39. Ke3 f5 40. exf5 1/2-1/2